000 00783cam a22002773a 4500
001 14249
003 PGUSA
005 20140828083315.0
008 041203s2004||||xxu|||||s|||||000 1 eng d
040 _aPGUSA
_beng
042 _adc
050 4 _aPS
100 1 _aIsham, Frederic Stewart,
_d1866-1922
245 1 0 _aHalf A Chance
_h[electronic resource] /
_cFrederic Stewart Isham
260 _bProject Gutenberg,
_c2004
506 _aPublic domain in the USA.
516 _aElectronic text
653 _aShipwrecks -- Fiction
653 _aLove stories
653 _aLawyers -- Fiction
653 _aPrisoners -- Fiction
700 1 _aPfeifer, Herman,
_d1874-1931
830 0 _aProject Gutenberg
_v14249
856 4 0 _uhttp://www.gutenberg.org/ebooks/14249
942 _cEB
999 _c243504
_d243504